书目信息 |
| 题名: |
周璇日记
|
|
| 作者: | 周璇, 著 | |
| 分册: | ||
| 出版信息: | 武汉 长江文艺出版社 2003.08 |
|
| 页数: | 238页 | |
| 开本: | 19cm | |
| 丛书名: | ||
| 单 册: | ||
| 中图分类: | K825.7 | |
| 科图分类: | ||
| 主题词: | 艺术家--yi shu jia--日记--中国--现代 | |
| 电子资源: | ||
| ISBN: | 7-5354-2588-7 | |
| 000 | 00960nam0 2200265 450 | |
| 001 | 012008804171 | |
| 005 | 20080318135104.84 | |
| 010 | @a7-5354-2588-7@dCNY29.80 (含光盘) | |
| 100 | @a20080318d2003 km y0chiy0120 ea | |
| 101 | 0 | @achi |
| 102 | @aCN@b420000 | |
| 105 | @aa z 000yy | |
| 106 | @ar | |
| 200 | 1 | @a周璇日记@Azhou xuan ri ji@f周璇著@Fzhou xuan zhu |
| 210 | @a武汉@c长江文艺出版社@d2003.08 | |
| 215 | @a238页@c图@d19cm@e光盘1片 | |
| 312 | @a光盘为《永远的周璇》周璇演唱CD。 | |
| 330 | @a本书配合周璇在1951年近一年记录的日记、书信和发表的文字,收入了多幅她的生活照片、剧照和历史资料,并试图在此基础上揭示她的巨额财产去向之谜、精神错乱之谜等。 | |
| 517 | 1 | @a永远的周璇@Ayong yuan de zhou xuan |
| 600 | 0 | @a周璇,@Azhou xuan,@x日记@z1920-1957 |
| 606 | 0 | @a艺术家@Ayi shu jia@x日记@y中国@z现代 |
| 690 | @aK825.7@v4 | |
| 701 | 0 | @a周璇,@Azhou xuan,@f1919-1957@4著 |
| 801 | 0 | @aCN@bQSSK@c20080318 |
| 905 | @b20286982-84@dK825.7@eZ805@f3 | |
| 周璇日记/周璇著.-武汉:长江文艺出版社,2003.08 |
| 238页:图;19cm+光盘1片 |
| ISBN 7-5354-2588-7:CNY29.80 (含光盘) |
| 本书配合周璇在1951年近一年记录的日记、书信和发表的文字,收入了多幅她的生活照片、剧照和历史资料,并试图在此基础上揭示她的巨额财产去向之谜、精神错乱之谜等。 |
| ● |
| 相关链接 |
|
|
|
正题名:周璇日记
索取号:K825.7/Z805
 
预约/预借
| 序号 | 登录号 | 条形码 | 馆藏地/架位号 | 状态 | 备注 |
| 1 | 286982 | 202869823 | 社科库309/309社科库 53排7列5层/ [索取号:K825.7/Z805] | 在馆 | |
| 2 | 286983 | 202869832 | 社科库309/309社科库 53排7列5层/ [索取号:K825.7/Z805] | 在馆 | |
| 3 | 286984 | 202869841 | 社科库309/309社科库 53排7列5层/ [索取号:K825.7/Z805] | 在馆 |